000 00644nam a2200241 i 4500
001 C2-0279640
003 PPAK
005 20180728010805.0
008 070507s2006 my |||| ||||| | eng d
020 _a9834301502
040 _aPPAK
_beng
_cPPAK
_erda
082 0 4 _a920.72
_223
090 0 0 _a920.72
_bTHO
_dG
100 1 _aThomas-Mamora, Christina,
_eauthor
245 1 0 _aWomen who inspire
264 1 _aKuching, Sarawak :
_bBumi Serasi ,
_c2006
300 _aii, 215 pages ;
_c21 cm
336 _2rdacontent
_atext
337 _2rdamedia
_aunmediated
338 _2rdacarrier
_avolume
650 1 0 _aWoman - Biography.
942 _ddc
_cB
999 _c86255
_d86255